Latest developments in carbon nanotubes based nanocomposites (Record no. 61965)

MARC details
000 -LEADER
fixed length control field 00422nam a2200157Ia 4500
100 ## - MAIN ENTRY--AUTHOR NAME
Personal name Claes Michael
245 #0 - TITLE STATEMENT
Title Latest developments in carbon nanotubes based nanocomposites
260 ## - PUBLICATION, DISTRIBUTION, ETC. (IMPRINT)
Name of publisher Rubber World
Year of publication 2009
300 ## - PHYSICAL DESCRIPTION
Number of Pages 28-34
650 ## - SUBJECT ADDED ENTRY--TOPICAL TERM
Topical Term Carbon nanotube(CNT)
650 ## - SUBJECT ADDED ENTRY--TOPICAL TERM
Topical Term Nanocomposites
700 ## - ADDED ENTRY--PERSONAL NAME
Personal name Dupin Geraldine
700 ## - ADDED ENTRY--PERSONAL NAME
Personal name Luizi Frederic
942 ## - ADDED ENTRY ELEMENTS (KOHA)
Koha item type Journals
Holdings
Withdrawn status Lost status Damaged status Not for loan Home library Current library Shelving location Date acquired Serial Enumeration / chronology Koha item type
      Journals RRII Library RRII Library Rubber technology 25/03/2009 Volume 239, Issue 5 Journals